| 000 | 00427nam a22001697a 4500 | ||
|---|---|---|---|
| 005 | 20251108170702.0 | ||
| 008 | 250721s1990 xx 000 0 eng d | ||
| 082 | 1 | 4 | _a425/woo |
| 100 | 1 | _awoods, edward g | |
| 245 | 1 | 0 |
_ausing english grammar : _bmeaning & form / |
| 264 | 1 |
_aNew York : _bprentice hall, _c1990. |
|
| 300 | _a291p | ||
| 650 | 1 | 7 | _aenglish language |
| 650 | 1 | 7 | _agrammar |
| 942 |
_2ddc _cBK |
||
| 999 |
_c46572 _d46572 |
||